000 00255nam a22001217a 4500
008 171207b xxu||||| |||| 00| 0 eng d
041 _aeng
080 _a 22
100 _a26
101 _aTHEO
245 _aHOLY BIBLE
_cHARTDEGEN,S,J
942 _2udc
_cBK
999 _c38817
_d38817